Responses for Show #3530 - Friday, December 31, 1999

Jack Archey game 3.
Last show of the 1900s.

Contestants

[<< previous game]

Shala Carlson, a news editor from New Orleans, Louisiana

Brian Reidy, a naval aviator originally from Quincy, Massachusetts

Jack Archey, a C.P.A. and comedian from Los Angeles, California (whose 2-day cash winnings total $22,900)

[next game >>]

Jeopardy! Round responses

ASTRONOMY
HEAVENLY BODIES
STARS ON THE MAP
(Alex: We're talking about capital cities here.)
VENUS
SONS
"MOON"s
    $100 22
(Jack: Who is Aphrodite?)

Eros

Jack
Triple Stumper
    $100 11
Heather Locklear

Jack
    $100 1
London

Jack
    $100 16
Vanna White

Jack
    $100 17
Matthew Broderick

Shala
    $100 3
Moonstruck

Jack
    $200 23
Gemini

Shala
    $200 12
Christina Applegate

Jack
    $200 2
Rome

Shala
    $200 27
Venus Williams

Brian
    $200 18
Texas & Florida

Shala
    $200 7
The Honeymooners

Jack
    $300 24
Jupiter

Brian
    $300 13
Sharon Stone

Jack
    $300 4
San Jose

Jack
    $300 28
Bananarama

Jack
    $300 19
The Lindbergh baby

Jack
    $300 8
shooting the moon

Jack
    $400 25
Arizona

Brian
    $400 14
Daisy Fuentes

Shala
    $500 5
Bucharest, Romania

Jack
    $400 29
Venus de Milo

Brian
    $400 20
Edsel Ford

Brian
    $400 9
Keith Moon

Brian
    $500 26
Johannes Kepler

Jack
    $500 15
La Femme Nikita

Shala
    $500 6
La Paz

Jack
    $500 30
Men are from Mars, Women are from Venus

Brian
    $500 21
Absalom

Shala
    $500 10
From the Earth to the Moon

Shala

Scores at the first commercial break (after clue 15):

Jack Brian Shala
$2,600 $400 $1,600

Scores at the end of the Jeopardy! Round:

Jack Brian Shala
$3,700 $2,600 $2,600

Double Jeopardy! Round responses

19th CENTURY AMERICA
ROSE IS A ROSE
NATIVE AMERICAN TRIBES
CROSSWORD CLUES "S"
FILMS OF THE '70s
IT'S NOT THE END OF THE WORLD
    $200 1
(Brian: What is Alaska?)

Louisiana Purchase

BrianShala
    $200 17
(Shala: What are thorns?)

leaves

Shala
Triple Stumper
    $200 16
Mojave

Shala
    $200 6
salt

Jack
    $200 11
(Brian: What is Annie Hall?)

Play It Again, Sam

Brian
Triple Stumper
    $200 19
(Shala: Who is MacArthur?)

Winston Churchill

BrianShala
    $400 2
basketball

Shala
    $400 18
Deadhead

Jack
    $400 24
Kiowa

Shala
    $400 7
salutation

Shala
    $400 12
American Graffiti

Jack
    $400 20
Ricky Nelson

Brian
    $600 3
(Shala: What is New York City?)

Chicago

Shala
Triple Stumper
    $600 26
hips

Brian
    $600 25
Coeur d'Alene

Triple Stumper
    $600 8
shuttlecock

Shala
    $600 13
All The President's Men

Brian
    $600 21
Hernando Cortes

Brian
    $800 4
Elias Howe & Isaac Singer

Triple Stumper
    $800 27
(Brian: What is Port Royal?)

Shreveport

Brian
Triple Stumper
    $800 29
Hopi

Triple Stumper
    $600 9
spaghetti

Shala
    $800 14
(Shala: What is Reds?)

Julia

Shala
Triple Stumper
    $800 22
Randall Cunningham

Jack
    $1000 5
vice president

Triple Stumper
    $1000 28
attar

Shala
    $600 30
Natchez

Shala
    $1000 10
sulky

Triple Stumper
    $1000 15
The Man Who Would Be King

Triple Stumper
    $1000 23
Henry Wadsworth Longfellow

Triple Stumper

Scores at the end of the Double Jeopardy! Round:

Jack Brian Shala
$5,500 $3,800 $5,200

[wagering suggestions for these scores]

Final Jeopardy! Round responses

TODAY'S SPORTS STARS
(Alex: Jack, you get to come back in the next decade! Happy New Year! Be safe. We'll see you on Monday!)
BrianWho Sammy Sosa
$3,700
ShalaWho is Tiger Woods?
$5,000
JackWho is Kobe Bryant?
$4,901
Kobe Bryant

Final scores:

Jack Brian Shala
$10,401 $100 $200
3-day champion: $33,301 3rd place: Clio PC Companion 2nd place: a trip to Wyndham Morgan Bay Resort, St. Lucia

Game dynamics:

Coryat scores:

Jack Brian Shala
$5,400 $3,800 $5,800
18 R
(including 1 DD),
1 W
12 R,
3 W
17 R
(including 2 DDs),
4 W

Combined Coryat: $15,000

[game clues] [game scores] [suggest correction]

Game tape date: 1999-11-02
The J! Archive is created by fans, for fans. Scraping, republication, monetization, and malicious use prohibited; this site may use cookies and collect identifying information. See terms. The Jeopardy! game show and all elements thereof, including but not limited to copyright and trademark thereto, are the property of Jeopardy Productions, Inc. and are protected under law. This website is not affiliated with, sponsored by, or operated by Jeopardy Productions, Inc. Join the discussion at JBoard.tv.